|
|
|
|
| LEADER |
00000nam a2200000Ii 4500 |
| 001 |
DIGUNAU0228 |
| 003 |
NyNyDIG |
| 006 |
m o d |
| 007 |
cr ||||||||||| |
| 008 |
230830s2019 ck a ob 000 0 spa d |
| 035 |
|
|
|a (OCoLC)1395571634
|
| 040 |
|
|
|a DGITA
|b eng
|e rda
|e pn
|c DGITA
|
| 020 |
|
|
|z 9789585495210
|
| 043 |
|
|
|a s-ck---
|
| 050 |
1 |
4 |
|a QC265 ebook
|
| 100 |
1 |
|
|a Gómez Carder, Gabriel Jaime,
|e author.
|
| 245 |
1 |
3 |
|a El día que Humboldt llegó a Cartagena de Indias :
|b estrelleros y herbolarios en el Virreinato de la Nueva Granada siglos XVIII-XIX /
|c Gabriel Jaime Gómez Carder.
|
| 264 |
|
1 |
|a Medellín :
|b Ediciones UNAULA,
|c [2019]
|
| 300 |
|
|
|a 1 online resource :
|b ilustrations.
|
| 336 |
|
|
|a text
|b txt
|2 rdacontent
|
| 337 |
|
|
|a computer
|b c
|2 rdamedia
|
| 338 |
|
|
|a online resource
|b cr
|2 rdacarrier
|
| 347 |
|
|
|a text file
|2 rdaft
|
| 347 |
|
|
|b PDF
|
| 490 |
1 |
|
|a Serie humanismo
|
| 504 |
|
|
|a Includes bibliographical references.
|
| 588 |
0 |
|
|a Online resource; title from PDF title page (Digitalia, viewed August 30, 2023)
|
| 611 |
2 |
0 |
|a Real Expedición Botánica del Nuevo Reino de Granada
|d (1783-1816)
|
| 650 |
|
0 |
|a Scientific expeditions
|z Colombia.
|
| 600 |
1 |
0 |
|a Humboldt, Alexander von,
|d 1769-1859.
|
| 650 |
|
0 |
|a Botany
|z Colombia
|x History.
|
| 791 |
2 |
|
|a Digitalia (Firm),
|e distributor.
|
| 793 |
0 |
|
|g Digitalia eBook Collection:
|a Ediciones UNAULA
|
| 776 |
0 |
8 |
|i Print version:
|a Gómez Carder, Gabriel Jaime.
|t Día que Humboldt llegó a Cartagena de Indias.
|b Segunda edición revisada UNAULA.
|d Medellín : Ediciones UNAULA, 2019
|z 9789585495210
|
| 830 |
|
0 |
|a Humanismo (Medellín, Colombia)
|
| 856 |
4 |
0 |
|3 Digitalia Hispánica
|u https://www.digitaliapublishing.com/a/119323/
|
| 910 |
|
|
|a Premium collection: 2023
|